Detalles MARC
| 000 -LIDER |
| fixed length control field |
01261nam a2200385 c 4500 |
| 001 - NÚMERO DE CONTROL |
| Identificador de número de control |
57381 |
| 003 - IDENTIFICACDOR DE NÚMERO DE CONTROL |
| control field |
DO-SdBNP |
| 005 - DATE AND TIME OF LATEST TRANSACTION |
| control field |
20180123084426.0 |
| 007 - CAMPOS FIJOS DE DESCRIPCIÓN FÍSICA |
| fixed length control field |
57381 |
| 008 - ELEMENTOS DE LONGITUD FIJA |
| fixed length control field |
130529s1970 ag a | |||| 000 j spa |
| 015 ## - NÚMERO DENTRO DE LA BIBLIOGRAFÍA NACIONAL |
| National bibliography number |
MON1305 |
| 017 ## - NÚMERO DE REGISTRO DE DERECHOS DE AUTOR |
| Copyright or legal deposit number |
|
| Assigning agency |
|
| 020 ## - ISBN |
| International Standard Book Number |
|
| 035 ## - NÚMERO LOCAL |
| System control number |
|
| 040 ## - FUENTE DE CATALOGACIÓN |
| Agencia que crea de manera original el registro |
BPMSU |
| Idioma de catalogación |
spa |
| Agencia que realiza la transcripción |
BPMSU |
| Convenciones de la despripción |
|
| 080 ## - NÚMERO DE CLASIFICACIÓN DECIMAL UNIVERSAL |
| Universal Decimal Classification number |
|
| 082 ## - NÚMERO DE CLASIFICACIÓN DECIMAL DE DEWEY |
| Classification number |
868.13 |
| Item number |
C745l |
| 100 0# - ASIENTO PRINCIPAL -- NOMBRE PERSONAL |
| Nombre personal |
Juan Manuel, |
| Títulos u otras palabras asociadas con el nombre |
Infante de Castilla, |
| Fechas asociadas con el nombre |
1282-1347. |
| 245 10 - MENCIÓN DE TITULO |
| Título |
El Conde Lucanor / |
| Mención de responsabilidad |
Juan Manuel ; selección, estudio preliminar y notas de María Elba Foix ; Leonilda J. León de Tedesco ; edición dirigida por María Hortensia Lacau. |
| 250 ## - MENCIÓN DE EDICION |
| Mención de edición |
|
| 260 ## - PUBLICACIÓN, DISTRIBUCIÓN, ETC. (PIE DE IMPRENTA) |
| Lugar de publicación, distribución, etc |
Buenos Aires : |
| Nombre del editor, distribuidor, etc. |
Kapelusz, |
| Fecha de publicación, distribución, etc |
1970. |
| 300 ## - DESCRIPCIÓN FÍSICA |
| Extensión |
221 p.: |
| Otros detalles físicos |
il.; |
| Dimensiones |
19 cm. |
| 336 ## - CONTENT TYPE |
| Content type term |
Texto (visual) |
| Source |
isbdcontent |
| 337 ## - MEDIA TYPE |
| Media type term |
sin mediación |
| Source |
isbdmedia |
| 490 1# - MENCIÓN DE SERIES |
| Mención de serie |
Grandes obras de literatura universal |
| Volume/sequential designation |
54 |
| 504 ## - NOTA DE BIBLIOGRAFÍA, ETC. |
| Bibliography, etc |
|
| 650 ## - ENCABEZAMIENTO DE MATERIA--TEMÁTICO |
| Término temático o nombre geográfico como elemento de entrada |
LITERATURA ESPAÑOLA |
| Subdivisión de forma |
COLECCIONES DE ESCRITOS |
| 700 1# - ASIENTO SECUNDARIO -- NOMBRE PERSONAL |
| Nombre personal |
Foix, María Elba. |
| Fechas asociadas con el nombre |
|
| 700 1# - ASIENTO SECUNDARIO -- NOMBRE PERSONAL |
| Nombre personal |
León de Tedesco, Leonilda J. |
| 700 1# - ASIENTO SECUNDARIO -- NOMBRE PERSONAL |
| Nombre personal |
Lacau, María Hortensia, |
| Mención de responsabilidad |
ed. |
| 830 #0 - ASIENTO SECUNDARIO DE SERIE--TÍTULO UNIFORME |
| Título uniforme |
Grandes obras de literatura universal |
| Volume number/sequential designation |
54 |
| 942 ## - ADDED ENTRY ELEMENTS (KOHA) |
| Source of classification or shelving scheme |
Dewey Decimal Classification |
| Koha item type |
Libros |
| 945 ## - INFORMACIÓN DE PROCESAMIENTO LOCAL |
| Información de procesamiento local |
Inventariado, 2018 /LP |
| 956 ## - LOCAL ELECTRONIC LOCATION AND ACCESS (OCLC) |
| Nombre de host |
VMATEO |
| Número de acceso |
10 |
| Información de compresión |
20160614 |
| Trayectoria |
BPMSU |
| Nombre Electrónico |
0069 |